Real reading. (رقم التسجيلة. 39871)

تفاصيل مارك
000 -الفاتح
حقل البيانات ثابتة الطول 01101cam a2200301Ma 4500
001 - رقم الضبط
رقم الضبط 754767391
003 - محدد رقم الضبط
رقم الضبط OSt
005 - وقت وتاريخ اخر تعامل مع التسجيلة
رقم الضبط 20161129102719.0
006 - عناصر البيانات ثابتة الطول - خصائص المادة الاضافية-معلومات عامة
حقل البيانات ثابتة الطول m eq h
008 - عناصر البيانات ثابتة الطول - معلومات عامة
حقل البيانات ثابتة الطول 110314t20112011nyua b 001 0 eng d
020 ## - الرقم الدولى المعيارى للكتب
الرقم الدولى المعيارى للكتاب 9780521702027
035 ## - رقم ضبط النظام
رقم ضبط النظام (OCoLC)754767391
040 ## - مصدر الفهرسة
وكالة الفهرسة الأصلية CNNOR
لغة الفهرسة eng
وكالة النسخ CNNOR
وكالة التعديل SIN
082 04 - رقم تصنيف ديوى العشرى
رقم التصنيف 428.64
رقم الطبعة 22
رقم المادة DLR
100 1# - المدخل الرئيسى - إسم شخصى
الإسم الشخصى DRISCOLL ,LIZ
9 (RLIN) 56876
245 10 - بيان العنوان
العنوان Real reading.
رقم الجزء/قسم العمل 1 :/
بيان المسئوليه,etc LIZ DRISCOLL
260 ## - PUBLICATION, DISTRIBUTION, ETC. (IMPRINT)
مكان الناشر او الموزع White Plains, NY :
اسم الناشر او الموزع Pearson Longman,
تاريخ النشر أو التوزيع c2011
300 ## - الوصف المادى
التعداد xx, 252 pages :
تفاصيل ماديه اخرى للوعاء color illustrations ;
أبعاد الوعاء 26 cm +
المادة المصاحبة 1 computer disc (4 3/4 in.)
500 ## - تبصرة عامة
تبصرة عامة Accompanying CD contains MP3 audio files
504 ## - تبصرة ببليوجرافية
تبصرة ببليوجرافية,الخ Includes bibliographical references and index
650 #0 - المدخل الاضافى بالموضوع-مصطلح موضوعى
مصطلح موضوعي أو اسم جغرافي كعنصر مدخل English language
التقسيم الفرعي الشكلي Textbooks for foreign speakers
9 (RLIN) 56877
650 #0 - المدخل الاضافى بالموضوع-مصطلح موضوعى
مصطلح موضوعي أو اسم جغرافي كعنصر مدخل English language
التقسيم الفرعي العام Study and teaching
-- Foreign speakers
9 (RLIN) 56878
650 #0 - المدخل الاضافى بالموضوع-مصطلح موضوعى
مصطلح موضوعي أو اسم جغرافي كعنصر مدخل Reading comprehension
9 (RLIN) 56879
650 #0 - المدخل الاضافى بالموضوع-مصطلح موضوعى
مصطلح موضوعي أو اسم جغرافي كعنصر مدخل Vocabulary
التقسيم الفرعي الشكلي Problems, exercises, etc
9 (RLIN) 56880
650 #0 - المدخل الاضافى بالموضوع-مصطلح موضوعى
مصطلح موضوعي أو اسم جغرافي كعنصر مدخل English language
التقسيم الفرعي الشكلي Sound recordings for foreign speakers
9 (RLIN) 10919
700 1# - المدخل الاضافى - اسم شخصى
الإسم الشخصى Nation, I. S. P
9 (RLIN) 35534
942 ## - عناصر المدخل الإضافي( كوها)
مصدر التصنيف او مخطط الترفيف Dewey Decimal Classification
Koha [default] item type كتاب
المقتنيات
حالة الفقد نموذج السعر الفعال حالة تلف ليس للاعارة رقم الطلب تاريخ الاكتساب الموقع الحالي الباركود الفرع الرئيسي Date last seen نوع المادة فى نظام كوها مصدر التصنيف او خطة الترفيف Total Checkouts Date last checked out
  2016-12-17     428.64 DLR 2016-12-17 المكتبة المركزية بالمجمعة (CL) 00655028 المكتبة المركزية بالمجمعة (CL) 2016-12-17 كتاب Dewey Decimal Classification    
  2016-12-17     428.64 DLR 2016-12-17 المكتبة المركزية بالمجمعة (CL) 00655029 المكتبة المركزية بالمجمعة (CL) 2016-12-17 كتاب Dewey Decimal Classification    
  2016-12-17     428.64 DLR 2016-12-17 مكتبة كلية التمريض - طلاب (CNM) 00655625 مكتبة كلية التمريض - طلاب (CNM) 2019-11-05 كتاب Dewey Decimal Classification 1 2019-10-02
  2016-12-17     428.64 DLR 2016-12-17 مكتبة كلية التمريض - طلاب (CNM) 00655626 مكتبة كلية التمريض - طلاب (CNM) 2016-12-17 كتاب Dewey Decimal Classification    
  2016-12-17     428.64 DLR 2016-12-17 مكتبة كلية العلوم و الدراسات الإنسانية برماح - طلاب (SRM) 00655027 مكتبة كلية العلوم و الدراسات الإنسانية برماح - طلاب (SRM) 2016-12-17 كتاب Dewey Decimal Classification